000 00318nam a2200097Ia 4500
082 _a920 MERE
245 0 _aPlatinum, gold and diamonds : the adventure of Hans Merensky's discoveries
100 _a MACHENS, Eberhard W. Pretoria, 2009 1st ed
_949838
942 _cBK
008 210817s9999 xx 000 0 und d
999 _c251586
_d251585